LEADER 00953nam1 2200337 450 001 990000938840203316 035 $a0093884 035 $aUSA010093884 035 $a(ALEPH)000093884USA01 035 $a0093884 100 $a20020201d--------km-y0ITAy01------ba 101 $aita 102 $aIT 105 $a00||| 200 1 $aStoria d'Italia dall'unità alla repubblica 210 $aBologna$cIl mulino 215 $av$d22 cm 607 $aItalia$xStoria$zSec. 19.-20. 676 $a945.09 801 0$aIT$bsalbc$gISBD 912 $a990000938840203316 951 $aVIII C COLL.166$bLM$cVIII C COLL. 959 $aBK 969 $aUMA 979 $aPATTY$b90$c20020201$lUSA01$h1529 979 $aPATTY$b90$c20020201$lUSA01$h1531 979 $aPATTY$b90$c20020201$lUSA01$h1535 979 $c20020403$lUSA01$h1737 979 $aPATRY$b90$c20040406$lUSA01$h1705 996 $aStoria d'Italia dall'unità alla Repubblica$962487 997 $aUNISA LEADER 00887nam0-22003251i-450- 001 990005953730403321 005 20100218100507.0 035 $a000595373 035 $aFED01000595373 035 $a(Aleph)000595373FED01 035 $a000595373 100 $a20000112d1981----km-y0itay50------ba 101 0 $aita 105 $a--------00-yy 200 1 $aCorso di diritto marittimo$fFRANCESCO BERLINGIERI 210 $aMilano$cGiuffrè$d1981 215 $a2 v.$d22 cm 300 $aParte generale - Appendice. 676 $a342.096 700 1$aBerlingieri,$bFrancesco$0226343 801 0$aIT$bUNINA$gRICA$2UNIMARC 901 $aBK 912 $a990005953730403321 952 $aVIII N 378$b112066$fFGBC 952 $aDPR 33-164$b3170$fDEC 952 $aDPR 33-164/2$b3171$fDEC 959 $aFGBC 959 $aDEC 996 $aCorso di diritto marittimo$9243663 997 $aUNINA LEADER 01893nam0 22004213i 450 001 CFI0177734 005 20251003044130.0 100 $a20240115d1989 ||||0itac50 ba 101 | $aita$cita 102 $ait 181 1$6z01$ai $bxxxe 182 1$6z01$an 183 1$6z01$anc$2RDAcarrier 200 1 $aInstabilità e cooperazione$ei dilemmi del sistema finanziario internazionale$fPier Carlo Padoan 210 $aRoma$cNIS$d\1989! 215 $a178 p.$d22 cm. 225 | $aStudi NIS economia$v14 410 0$1001CFI0006368$12001 $aStudi NIS economia$v14 500 10$aInstabilità e cooperazione$3IEI0738509$9CFIV003109$9444409 606 $aEconomia internazionale$2FIR$3CFIC030693$9E 676 $a332$9ECONOMIA FINANZIARIA$v12 676 $a332.042$9FINANZA INTERNAZIONALE$v19 696 $aEconomia mondiale 699 $aEconomia internazionale$zEconomia mondiale 700 1$aPadoan$b, Pier Carlo$3CFIV003109$4070$0118287 790 1$aPadoan$b, Pietro Carlo$3UBOV024770$zPadoan, Pier Carlo 790 1$aPadoan$b, Piercarlo$3UBOV083507$zPadoan, Pier Carlo 790 1$aPadoan$b, Pietro Carlo$3UBOV024770$zPadoan, Pier Carlo 790 1$aPadoan$b, Piercarlo$3UBOV083507$zPadoan, Pier Carlo 801 3$aIT$bIT-000000$c20240115 850 $aIT-BN0095 $aIT-NA0079 901 $bNAP BN$cMAGAZZINO $nmagazzini correnti divisi per anni 901 $bNAP 01$cPOZZO LIB.$nVi sono collocati fondi di economia, periodici di ingegneria e scienze, periodici di economia e statistica e altri fondi comprendenti documenti di economia pervenuti in dono. 912 $aCFI0177734 950 0$aBiblioteca Centralizzata di Ateneo$c1 v.$d 01POZZO LIB.ECON MON 3216$e 0101 0000119385E VMA 1 v.$fB $h20210316$i20210316 977 $a 01$a BN 996 $aInstabilità e cooperazione$9444409 997 $aUNISANNIO